LEADER 01027nam a2200205 4500 001 000000351436 003 CaOOAMICUS 005 20220901145435.0 008 220901s1952 it 000 u ita r 040 $aSeMil$bita 100 1 $aPacetti, Dionisio .$0(OLS)http://semarc/name/90078 245 10$aLorenzo di ser Piero da Vinci fratello di Leonardo e il suo 'Confessionario' autografo nel cod. 1420 della Biblioteca Riccardiana di Firenze /$cP. D. Pacetti. 264 1$aFirenze :$bQuaracchi,$c1952. 300 $a47 p.,$b1 c. di tav. ;$c21 cm 600 04$aLeonardo : da Vinci <1452-1519>.$0(OLS)http://semarc/subject/2814 850 $aSeMil 852 $aSeMil$W1$xVenegono$y1$m5B III 5/22$j234339$B242632$CSeMilBibl$Z2$F242632 $81 996 $6245$aLorenzo di ser Piero da Vinci fratello di Leonardo e il suo 'Confessionario' autografo nel cod. 1420 della Biblioteca Riccardiana di Firenze$9(OLS)http://semarc/title/441211 996 $6264$aFirenze :$bQuaracchi$9(OLS)http://semarc/publisher/29769 LEADER 01292nam a2200289 i 4500 001 000000127420 003 CaOOAMICUS 005 20040615000000.0 008 040615s1998 it u000 u ita u 013 $a100130 020 $a88-8137-142-1 040 $aSeMil$bita 100 1 $aBauman, Zygmunt,$d<1925-2017>.$0(OLS)http://semarc/name/90630 240 10$aWork, consumerism and the new poor.$0(OLS)http://semarc/title/188066 245 10$aLavoro, consumismo e nuove povertà /$cZygmunt Bauman ; traduzione di Mario Baccianini. 260 $aTroina :$bCittà Aperta :$bServitium,$c1998. 300 $a151 p. ;$c21 cm. 650 4$aEmarginazione sociale.$0(OLS)http://semarc/subject/6480 650 4$aOccupazione e disoccupazione.$0(OLS)http://semarc/subject/19578 650 4$aWelfare State.$0(OLS)http://semarc/subject/20058 700 1 $aBaccianini, Mario.$0(OLS)http://semarc/name/16405 850 $aSeMil 852 $aSeMil$W1$xVenegono$y1$m3N II 7$j81721$B81721$CSeMilBibl$Z2$F83987 $81 961 $aOmaggio: Cornati don Dario 996 $6020$a88-8137-142-1$9(OLS)http://semarc/number/113854 996 $6245$aLavoro, consumismo e nuove povertà$9(OLS)http://semarc/title/188065 996 $6260$aTroina :$bCittà Aperta :$bServitium$9(OLS)http://semarc/publisher/32028